logo

Bir Sreshtho Munshi Abdur Rouf Library
Jhenaidah Cadet College

আমার অনুভূমিতে বিশ্বসাহিত্য কেন্দ্র / (Record no. 14150)

MARC details
000 -LEADER
fixed length control field 00789nam a2200229 a 4500
001 - CONTROL NUMBER
JCCL Control Number 14150
003 - CONTROL NUMBER IDENTIFIER
JCCL marc code BD-JhCC
005 - DATE AND TIME OF LATEST TRANSACTION
control field 20250130103959.0
008 - FIXED-LENGTH DATA ELEMENTS--GENERAL INFORMATION
fixed length control field 250130b1997 b |||| ||a| 000 0 b d
020 ## - INTERNATIONAL STANDARD BOOK NUMBER
International Standard Book Number 9841801582
035 ## - SYSTEM CONTROL NUMBER
system control number (BD-JhCC)14150
040 ## - CATALOGING SOURCE
Original cataloging agency BD-JhCC
Modifying agency BD-JhCC
041 ## - LANGUAGE CODE
Language code of Book Bengali
082 ## - DEWEY DECIMAL CLASSIFICATION NUMBER
Classification number 891.4409
Author mark and Year SAY 1997
100 ## - MAIN ENTRY--PERSONAL NAME
Personal name সায়ীদ,আবদুল্লাহ আবু
245 ## - TITLE STATEMENT
Title আমার অনুভূমিতে বিশ্বসাহিত্য কেন্দ্র /
Statement of responsibility, etc আবদুল্লাহ আবু সায়ীদ ।
260 ## - PUBLICATION, DISTRIBUTION, ETC. (IMPRINT)
Place of publication, distribution, etc ঢাকা:
Name of publisher, distributor, etc বিশ্বসাহিত্য কেন্দ্র,
Date of publication, distribution, etc 1997.
300 ## - PHYSICAL DESCRIPTION
Pagination 108 p. :
Dimensions 22 cm
651 ## - SUBJECT ADDED ENTRY--GEOGRAPHIC NAME
Geographic name Bengali literature.
942 ## - ADDED ENTRY ELEMENTS (KOHA)
Source of classification or shelving scheme Dewey Decimal Classification
Koha item type Books
Holdings
Source of classification or shelving scheme Damaged status Not for loan Home library Current library Shelving location Date of accession Source of acquisition Cost, normal purchase price Total Checkouts Full call number Barcode Date last seen Copy number Method of acquisition Koha item type Currency
Dewey Decimal Classification     JCC Rouf Library JCC Rouf Library General Stacks   With the compliments of Maj (Retd) Syed Sakhawat Hussain,07/0388/K 70.00   891.4409 SAY 1997 19745 01/30/2025 C-1 Gift/Donation Books BDT

JCC Library | Contacts | JCC Home

Last Update on 23 September 2017
Copyright @ 2017-2020 JCC Rouf Library
Rouf Library, Jhenidah Cadet College (JCC), Bangladesh